000 00399nam a2200121Ia 4500
008 180222s9999||||xx |||||||||||||| ||und||
020 _cNT
_240
_a978-986-361-019-9
100 _a金女煥
245 0 _c金女煥
_a"在人生的最後旅館,學習說再見 : 接受生命離去,找到活在當下的力量"
250 _a初版
260 _b高寶國際出版社
_c2014.06
_a台北市
300 _c cm.
_a p.
942 _2ccl
_cBOOK
999 _c6176
_d6176